| Tag |
First Indicator |
Second Indicator |
Subfields |
| LEADER |
00000cas a2200000 a 4500 |
| 001 |
in00000410055 |
| 005 |
20151012051859.0 |
| 007 |
he bmb025baca |
| 008 |
840803c19829999njuar br s0 0a0eng d |
| 022 |
|
|
|y 0739-974x
|
| 035 |
|
|
|a (OCoLC)11018965
|
| 035 |
|
|
|9 ABT7976AM
|
| 037 |
|
|
|b Phoenix Metropolitan Chamber of Commerce, 34 W. Monroe, Suite 900, Phoenix, AZ 85003
|
| 040 |
|
|
|a ATT
|c ATT
|d TXA
|d UtOrBLW
|
| 043 |
|
|
|a n-us-az
|
| 049 |
|
|
|a TXAI
|
| 099 |
|
|
|a fiche
|a S
|a 765
|
| 130 |
0 |
|
|a Arizona directory of manufacturers (1982)
|
| 245 |
1 |
0 |
|a Arizona ... directory of manufacturers.
|
| 246 |
1 |
0 |
|a Directory of manufacturers
|h [microform]
|
| 264 |
|
1 |
|a [Phoenix] :
|b Phoenix Metropolitan Chamber of Commerce,
|c [1982-]
|
| 264 |
|
4 |
|c ©1982-
|
| 300 |
|
|
|a volumes ;
|c 28 cm.
|
| 336 |
|
|
|a text
|b txt
|2 rdacontent
|
| 337 |
|
|
|a microform
|b h
|2 rdamedia
|
| 338 |
|
|
|a microfiche
|b he
|2 rdacarrier
|
| 362 |
0 |
|
|a 1982-
|
| 500 |
|
|
|a Title from cover.
|
| 533 |
|
|
|a Microfiche.
|b Red Bank, N.J. :
|c Colt Microfiche,
|d 198 -
|e microfiches ; 11 x 15 cm.
|f (Colt microfiche library of state directories)
|
| 550 |
|
|
|a Compiled by the Economic Development Dept. of the Phoenix Metropolitan Chamber of Commerce.
|
| 500 |
|
|
|a Microform.
|
| 651 |
|
0 |
|a Arizona
|x Manufactures
|x Directories.
|
| 651 |
|
0 |
|a Arizona
|x Industries
|x Directories.
|
| 710 |
2 |
|
|a Phoenix Metropolitan Chamber of Commerce.
|b Economic Development Department.
|
| 710 |
2 |
|
|a Phoenix Metropolitan Chamber of Commerce.
|
| 780 |
0 |
0 |
|t Directory of Arizona manufacturers
|w (OCoLC)3688291
|
| 830 |
|
0 |
|a Colt microfiche library of state directories.
|
| 999 |
|
|
|a MARS
|
| 999 |
f |
f |
|s 51d64478-5a19-3bbe-95b4-4f8231b9f483
|i fd12dddd-3ed9-3786-b221-fdedbda43aea
|t 0
|
| 952 |
f |
f |
|p default
|a Texas A&M University
|b College Station
|c Sterling C. Evans Library
|d Evans: Microforms (3rd floor)
|t 0
|e fiche S 765
|h Other scheme
|i microform -- microfiche
|
| 998 |
f |
f |
|a fiche S 765
|s 1983/1984
|t 0
|l Evans: Microforms (3rd floor)
|